000 00760nam a2200241Ia 4500
003 OSt
005 20221005125758.0
006 a|||||r|||| 00| 0
007 ta
008 221004b |||||||| |||| 00| 0 eng d
024 _a54860
037 _cTextual
040 _aCRL
_cCRL
_beng
041 _2eng
_aeng
082 _aT:3b4, K3
110 _aNational Council of Educational Research and Training, New Delhi
245 0 _aPractical classroom research by teachers
_b Classroom experimentation to improve teaching by Stephen M Corey and JK Shukla.
260 _c1963
650 _aEDUCATION
700 _aNational Council of Educational Research and Training, New Delhi
942 _hT:3b4, K3
_cTEXL
_2cc
999 _c1055031
_d1055031